| 000 | 00502nam a2200181Ia 4500 | ||
|---|---|---|---|
| 005 | 20250508151717.0 | ||
| 008 | 008 250505s9999 xx 000 0 eng d | ||
| 037 | _aTextual | ||
| 040 |
_aFEDL _beng _cFEDL |
||
| 041 |
_aeng _2eng |
||
| 084 |
_a940.548 5, DUK _qFEDL |
||
| 100 |
_aDuke Madelaine _9759817 |
||
| 245 | 0 | _aTop secret mission | |
| 260 |
_aLondon, UK _bEvans Brothers Limited _c1954 |
||
| 300 | _ax,208p | ||
| 942 |
_cTEXL _h940.548 5, DUK |
||
| 999 |
_c1331610 _d1331610 |
||